Испытательный стенд для точного отслеживания положения беспилотного летательного аппарата в пространстве; Молодежь и современные информационные технологии

Bibliographische Detailangaben
Parent link:Молодежь и современные информационные технологии.— 2021.— [С. 411-412]
1. Verfasser: Зарницын А. Ю. Александр Юрьевич
Körperschaften: Национальный исследовательский Томский политехнический университет Инженерная школа неразрушающего контроля и безопасности Отделение электронной инженерии, Национальный исследовательский Томский политехнический университет Инженерная школа информационных технологий и робототехники Отделение автоматизации и робототехники
Weitere Verfasser: Шаманин О. М. Олег Максимович
Zusammenfassung:Заглавие с титульного экрана
Sprache:Russisch
Veröffentlicht: 2021
Schriftenreihe:Мехатроника и робототехника
Schlagworte:
Online-Zugang:http://earchive.tpu.ru/handle/11683/67955
Format: MixedMaterials Elektronisch Buchkapitel
KOHA link:https://koha.lib.tpu.ru/cgi-bin/koha/opac-detail.pl?biblionumber=633260

MARC

LEADER 00000naa2a2200000 4500
001 633260
005 20231101133743.0
035 |a (RuTPU)RU\TPU\conf\35008 
035 |a RU\TPU\conf\35007 
090 |a 633260 
100 |a 20210708d2021 k y0rusy50 ca 
101 0 |a rus 
102 |a RU 
105 |a y z 101zy 
135 |a drcn ---uucaa 
181 0 |a i  
182 0 |a b 
200 1 |a Испытательный стенд для точного отслеживания положения беспилотного летательного аппарата в пространстве  |f А. Ю. Зарницын, О. М. Шаманин 
203 |a Текст  |c электронный 
225 1 |a Мехатроника и робототехника 
230 |a 1 компьютерный файл (pdf; 523 Кb) 
300 |a Заглавие с титульного экрана 
320 |a [Библиогр.: с. 412 (4 назв.)] 
463 0 |0 (RuTPU)RU\TPU\conf\34857  |t Молодежь и современные информационные технологии  |o сборник трудов XVIII Международной научно-практической конференции студентов, аспирантов и молодых учёных, 22-26 марта 2021 г., г. Томск  |f Национальный исследовательский Томский политехнический университет, Инженерная школа информационных технологий и робототехники ; под ред. Н. Г. Маркова [и др.]  |v [С. 411-412]  |d 2021 
610 1 |a электронный ресурс 
610 1 |a труды учёных ТПУ 
610 1 |a испытательные стенды 
610 1 |a отслеживание 
610 1 |a беспилотные летательные аппараты 
610 1 |a квадрокоптеры 
610 1 |a регуляторы 
700 1 |a Зарницын  |b А. Ю.  |c специалист в области информатики и вычислительной техники  |c ассистент кафедры Томского политехнического университета  |f 1990-  |g Александр Юрьевич  |2 stltpush  |3 (RuTPU)RU\TPU\pers\36387 
701 1 |a Шаманин  |b О. М.  |c специалист в области автоматического управления  |c инженер-исследователь Томского политехнического университета  |f 1998-  |g Олег Максимович  |2 stltpush  |3 (RuTPU)RU\TPU\pers\46923 
712 0 2 |a Национальный исследовательский Томский политехнический университет  |b Инженерная школа неразрушающего контроля и безопасности  |b Отделение электронной инженерии  |h 7977  |2 stltpush  |3 (RuTPU)RU\TPU\col\23507 
712 0 2 |a Национальный исследовательский Томский политехнический университет  |b Инженерная школа информационных технологий и робототехники  |b Отделение автоматизации и робототехники  |h 7952  |2 stltpush  |3 (RuTPU)RU\TPU\col\23553 
801 2 |a RU  |b 63413507  |c 20210809  |g RCR 
856 4 |u http://earchive.tpu.ru/handle/11683/67955 
942 |c BK